A migráció és az Európai Unió
Elmentve itt :
| Szerző: | |
|---|---|
| További közreműködők: | |
| Dokumentumtípus: | Szakdolgozat |
| Megjelent: |
2003
|
| Tárgyszavak: | |
| Online Access: | http://diploma.bibl.u-szeged.hu/28021 |
| LEADER | 00555nta a2200157 i 4500 | ||
|---|---|---|---|
| 001 | dipl28021 | ||
| 005 | 20130314085312.0 | ||
| 008 | 110822s2003 hu om 0|| zxx d | ||
| 040 | |a SZTE Diploma Repozitórium |b hun | ||
| 041 | |a zxx | ||
| 100 | 1 | |a Tóth Judit Adél | |
| 245 | 1 | 2 | |a A migráció és az Európai Unió |h [elektronikus dokumentum] / |c Judit Adél Tóth |
| 260 | |c 2003 | ||
| 650 | 4 | |a Jogi és igazgatási tanulmányok | |
| 700 | 1 | |a Szondi Ildikó |e ths | |
| 856 | 4 | 0 | |u http://diploma.bibl.u-szeged.hu/id/eprint/28021/1/2003_toth_judit_adel_359.pdf |z Dokumentum-elérés |